000 00439nam a22001817a 4500
003 NUST
020 _a9788120323605
038 _akhadija
082 _a681.2
_bBEL
100 _aBell, David A.
_986855
245 _aElectronic Instrumentation and Measurements /
_cDavid A. Bell
250 _a2nd
260 _aNew Delhi:
_bPHI Learnng,
_c2010.
300 _a451 p. ;
_b23 cm.
500 _aPaperback.
563 _aPB
942 _cBK
_2ddc
999 _c32789
_d32789